| 000 | 00808nam a2200241 a 4500 | ||
|---|---|---|---|
| 001 | BRL_543 | ||
| 005 | 20190320210807.0 | ||
| 008 | 020913c1994----u--#######---#000-p#eng-# | ||
| 041 | _aeng | ||
| 044 | _au | ||
| 050 | 4 |
_aPQ7297 _b.O28 1994 |
|
| 245 | 1 | 0 |
_aOctavio Paz: A Celebration _bOn the occasion of a reading at The Metropolitan Museum of Art on May 11, 1994, in celebration of Octavio Paz´s 80th birthday _cPoems by Jon Ashbery...[et al.] |
| 260 |
_a[Estados Unidos] _bThe Academy of American Poets _c1994 |
||
| 300 |
_a[20 p.] _c23 cm. |
||
| 500 | _aAu565 | ||
| 600 | 1 | 4 |
_aPaz, Octavio _d1914-1998 _9563 |
| 650 | 1 | 4 |
_aPoetas _zMéxico _924254 |
| 650 | 1 | 4 |
_aPoesia mexicana _924255 |
| 700 | 1 |
_aAshbery, John _924256 |
|
| 710 | 2 |
_aMexican Cultural Institute _924257 |
|
| 902 | _aGRL | ||
| 942 |
_2lcc _cB |
||
| 999 |
_c9355 _d9355 |
||